000 01419nam a2200349 a 4500
001 ebr10579409
003 CaPaEBR
006 m u
007 cr cn|||||||||
008 930902s1994 iaua sb 001 0deng d
010 _z 93034628
020 _z0877454280 (acid-free paper)
020 _z0877454396 (paper acid-free paper)
020 _z9780877454397
020 _z9781587291647 (e-book)
040 _aCaPaEBR
_cCaPaEBR
035 _a(OCoLC)44964351
050 1 4 _aPS3573.I45677
_bZ78 1994eb
082 0 4 _a812/.54
_220
245 0 0 _aMay all your fences have gates
_h[electronic resource] :
_bessays on the drama of August Wilson /
_cedited by Alan Nadel.
260 _aIowa City :
_bUniversity of Iowa Press,
_c1994.
300 _ax, 270 p. :
_bill.
504 _aIncludes bibliographical references and index.
533 _aElectronic reproduction.
_bPalo Alto, Calif. :
_cebrary,
_d2011.
_nAvailable via World Wide Web.
_nAccess may be limited to ebrary affiliated libraries.
600 1 0 _aWilson, August
_xCriticism and interpretation.
650 0 _aHistorical drama, American
_xHistory and criticism.
650 0 _aAfrican Americans in literature.
655 7 _aElectronic books.
_2local
700 1 _aNadel, Alan,
_d1947-
710 2 _aebrary, Inc.
856 4 0 _uhttp://site.ebrary.com/lib/rucke/Doc?id=10579409
_zAn electronic book accessible through the World Wide Web; click to view
999 _c85874
_d85874